000 00632cam a2200229 4500
001 M97328
008 090401t1999 xxu||||| |||| 00| 0 eng d
035 _a(Sirsi) u92005
041 _aeng
050 _a333.0062
110 _aRoyal Institution of Chartered Surveyors
_94900
245 _aMaintaining disciplinary standards : statistics 1998.
260 _aLondon
_bRICS
_c1999
300 _a(4)p. ; 30cm.
350 _a0
650 _aDISCIPLINARY PROCEEDINGS
650 _aPROFESSIONAL CONDUCT
650 _aRICS
690 _aMANAGEMENT-BUSINESS MANAGEMENT-PROFESSIONAL PRACTICE
942 _n0
948 _c11/03/1999
999 _c97705
_d97705